000
00202 a2200109 4500
020
_a
9789709747553
041
_a
spa
100
_a
Disney
245
_a
La Bella y la Bestia
942
_c
BK
952
_7
1
999
_c
25212
_d
25212